Central Library OPAC University of Rajshahi

বিংশ শতাব্দীর বাংলাদেশের বুদ্ধিবৃওিক দশন / (Record no. 39676)

MARC details
000 -LEADER
fixed length control field 00919nam a2200241 a 4500
001 - CONTROL NUMBER
control field 39676
003 - CONTROL NUMBER IDENTIFIER
rucl marc code BD-RjUL
005 - DATE AND TIME OF LATEST TRANSACTION
control field 20211209053034.0
008 - FIXED-LENGTH DATA ELEMENTS--GENERAL INFORMATION
fixed length control field 160416b2007 bg ||||| b||| 00| 0 ben d
020 ## - INTERNATIONAL STANDARD BOOK NUMBER
International Standard Book Number 9847000000033
Terms of availability : TK. 300.00
035 ## - SYSTEM CONTROL NUMBER
System control number (BD-RjUL)39789
040 ## - CATALOGING SOURCE
Original cataloging agency BD-RjUL
Language of cataloging ben
Transcribing agency BD-RjUL
041 ## - LANGUAGE CODE
Language code of text/sound track or separate title ben
082 ## - DEWEY DECIMAL CLASSIFICATION NUMBER
Edition number 23
Classification number 484.44
Author mark and year HAB 2007
100 ## - MAIN ENTRY--PERSONAL NAME
Personal name হাবিব, রহমান
9 (RLIN) 120724
245 ## - TITLE STATEMENT
Title বিংশ শতাব্দীর বাংলাদেশের বুদ্ধিবৃওিক দশন /
Statement of responsibility, etc. রহমান হাবিব
260 ## - PUBLICATION, DISTRIBUTION, ETC. (IMPRINT)
Place of publication, distribution, etc. ঢাকা:
Name of publisher, distributor, etc. জাতীয় সাহিত্য প্রকাশ,
Date of publication, distribution, etc. ২০০৭
300 ## - PHYSICAL DESCRIPTION
Pagination ৩৮২ পৃ. ;
Size ২১ সেমি.
504 ## - BIBLIOGRAPHY, ETC. NOTE
Bibliography, etc গ্রন্থপঞ্জি.
650 ## - SUBJECT ADDED ENTRY--TOPICAL TERM
Topical term or geographic name as entry element Intellectual Life
9 (RLIN) 118021
Topical term or geographic name as entry element বুদ্ধিবৃওিক জীবন
9 (RLIN) 122205
942 ## - ADDED ENTRY ELEMENTS (KOHA)
Source of classification or shelving scheme Dewey Decimal Classification
Koha item type Books
Holdings
Lost status Source of classification or shelving scheme Damaged status Not for loan Collection code Permanent Location Current Location Shelving location Date acquired Source of acquisition Cost, normal purchase price Total Checkouts Full call number Date last seen Copy number Koha item type
  Dewey Decimal Classification   Not For Loan Non-fiction Central Library, University of Rajshahi Central Library, University of Rajshahi Reading Room 17/02/2016 Jatiya Sahitya Prakash, Dhaka 300.00   B 484.44 HAB 2007 16/04/2016 C-1 Books
  Dewey Decimal Classification     Non-fiction Central Library, University of Rajshahi Central Library, University of Rajshahi   17/02/2016 Jatiya Sahitya Prakash, Dhaka 300.00   B 484.44 HAB 2007 16/04/2016 C-2 Books
  Dewey Decimal Classification     Non-fiction Central Library, University of Rajshahi Central Library, University of Rajshahi   17/02/2016 Jatiya Sahitya Prakash, Dhaka 300.00   B 484.44 HAB 2007 16/04/2016 C-3 Books